Evropské dotační zdroje pro malé a střední podniky

Čerpanie dotačných zdrojov Českej republiky z Európskej únie. Kľúčové dotačné zdroje.

Guardado en:
Detalles Bibliográficos
Autor principal: Urbánek, Jan
Formato: Capítulo de libro
Lenguaje:checo
Materias:
Etiquetas: Agregar Etiqueta
Sin Etiquetas, Sea el primero en etiquetar este registro!

MARC

LEADER 00000naa a2200000 4500
001 0150615
005 20231128131218.9
041 0 |a cze 
044 |a CZ 
245 1 0 |a Evropské dotační zdroje pro malé a střední podniky  |c Jan Urbánek 
520 |a Čerpanie dotačných zdrojov Českej republiky z Európskej únie. Kľúčové dotačné zdroje. 
610 2 0 |a Európska únia 
610 2 0 |a zdroje finančné 
610 2 0 |a dotácie 
610 2 0 |a Česko 
610 2 0 |a podpora podnikania 
100 1 |a Urbánek, Jan